000 00351pam a2200157a 44500
008 230515b1980 xxu||||| |||| 00| 0 eng d
020 _aNULL
041 _aENGL
082 _a620.106/KHU
100 _aKHURMI R
245 _aA TEXT BOOK OF FLUID MECHANICS
250 _aN.D.
260 _aNULL
_bS.CHA
_c1980
300 _a639 PB
650 _aNULL
999 _c615771
_d615771